| 000 | 00787nam a22002057a 4500 | ||
|---|---|---|---|
| 999 |
_c487 _d487 |
||
| 003 | AR-CdUCM | ||
| 008 | 190223b ||||| |||| 00| 0 spa d | ||
| 040 |
_aMUNICIPALIDAD PROVINCIAL DEL CUSCO _cBIBLIOTECA MUNICIPAL DEL CUSCO |
||
| 082 |
_22 ed. _a301 / _bO84 |
||
| 100 |
_aOtero, Gustavo Adolfo _91914 |
||
| 245 |
_aFigura y carácter del indio : _blos ando-bolivianos / |
||
| 260 |
_aLa Paz : _bPopulares, _c1954. |
||
| 300 |
_a205 páginas ; _bilustraciones ; _c21 cm. |
||
| 505 | _aContenido: Principios generales de antropología filosófica aplicados al estudio del indio Ando-boliviano -- La morfología del indio ando-boliviano. | ||
| 650 |
_aAntropología _9878 |
||
| 650 |
_aBolivia _91138 |
||
| 650 |
_aEtnología _91915 |
||
| 942 |
_2ddc _cLIBROS |
||
| 945 |
_araen _d2019-02-23 |
||